Gardiens au ballon d'or depuis 2000 - Statistiques

Statistiques générales
  • Ce quiz a été pris 103 fois
    61 depuis la dernière actualisation
  • Le résultat moyen est 49 sur 56
Statistiques - réponses
Année Position Club Nationalité Réponse % Correct
2025 9 Paris Saint-Germain Italie Gianluigi Donnarumma
100%
- 25 AC Milan France Mike Maignan
100%
2022 7 Real Madrid Belgique Thibaut Courtois
100%
2019 7 Liverpool Brésil Alisson Becker
98%
2024 18 Aston Villa Argentine Emiliano Martinez
98%
- 15 Aston Villa Argentine Emiliano Martinez
98%
2017 4 Juventus Turin Italie Gianluigi Buffon
98%
2016 9 Juventus Turin Italie Gianluigi Buffon
98%
- 16 Juventus Turin Italie Gianluigi Buffon
98%
- 23 Tottenham Hotspur France Hugo Lloris
98%
- 29 Tottenham Hotspur France Hugo Lloris
98%
- 20 Tottenham Hotspur France Hugo Lloris
98%
- 20 Bayern Munich Allemagne Manuel Neuer
98%
2015 7 Bayern Munich Allemagne Manuel Neuer
98%
2014 3 Bayern Munich Allemagne Manuel Neuer
98%
2013 23 Bayern Munich Allemagne Manuel Neuer
98%
- 19 Bayern Munich Allemagne Manuel Neuer
98%
- 24 FC Barcelone Allemagne Marc-André Ter Stegen
98%
2018 14 Chelsea Belgique Thibaut Courtois
98%
- 20 Atlético Madrid Belgique Thibaut Courtois
98%
- 18 Juventus Turin Italie Gianluigi Buffon
96%
2007 19 Juventus Turin Italie Gianluigi Buffon
96%
2021 10 AC Milan Italie Gianluigi Donnarumma
96%
2012 6 Real Madrid Espagne Iker Casillas
96%
2011 9 Real Madrid Espagne Iker Casillas
96%
2010 7 Real Madrid Espagne Iker Casillas
96%
- 25 Atlético Madrid Slovénie Jan Oblak
96%
- 26 Atlético Madrid Slovénie Jan Oblak
96%
- 25 AS Rome Brésil Alisson Becker
95%
- 20 Manchester United Espagne David De Gea
95%
2006 2 Juventus Turin Italie Gianluigi Buffon
95%
2009 16 Real Madrid Espagne Iker Casillas
95%
2008 4 Real Madrid Espagne Iker Casillas
95%
2023 13 Seville FC Maroc Yassine Bounou
95%
- 19 Juventus Turin Italie Gianluigi Buffon
93%
2004 17 Juventus Turin Italie Gianluigi Buffon
93%
- 27 Real Madrid Espagne Iker Casillas
93%
- 19 Chelsea Tchéquie Petr Cech
93%
- 23 Inter Milan Cameroun André Onana
91%
2003 9 Juventus Turin Italie Gianluigi Buffon
91%
2005 14 Chelsea Tchéquie Petr Cech
91%
- 24 Manchester United Pays-Bas Edwin Van Der Sar
82%
2000 12 AS Monaco France Fabien Barthez
82%
2002 3 Bayern Munich Allemagne Oliver Kahn
80%
2001 3 Bayern Munich Allemagne Oliver Kahn
80%
- 24 Bayern Munich Allemagne Oliver Kahn
80%
- 12 Sporting CP Portugal Rui Patricio
78%
- 30 Club América Mexique Guillermo Ochoa
75%
- 13 AC Milan Brésil Dida
71%
- 19 Inter Milan Brésil Julio César
67%
- 21 Inter Milan Brésil Julio César
65%
- 10 Arsenal FC Allemagne Jens Lehmann
51%
- 22 Inter Milan Italie Francesco Toldo
31%
- 14 Fiorentina Italie Francesco Toldo
25%
- 27 Sao Paulo FC Brésil Rogerio Ceni
25%
- 24 Panathinaïkos Grèce Antonios Nikopolidis
13%
Aucun quiz correspondant
Distribution des résultats
% des personnes avec chaque résultat
Percentile par nombre de réponses
Votre historique - résultats
Vous n’avez pas pris ce quiz depuis la dernière actualisation